| 000 | 00627nam a22001937a 4500 | ||
|---|---|---|---|
| 005 | 20140808115620.0 | ||
| 010 | _aB-506330-336 | ||
| 020 |
_a9789380619194 _c95.00 |
||
| 035 | _aB-506330-336 | ||
| 037 |
_adpl _bKBD/Ven |
||
| 082 | _a280.34 | ||
| 100 | _aMichael, Russ | ||
| 245 |
_aFeeling good is feeling God / _cby Russ Michael |
||
| 260 |
_aNew Delhi _bGood Times Books Pvt.Ltd. _c2011 |
||
| 270 |
_aH-13, Bali Nagar _bNew Delhi _e110015 |
||
| 300 |
_a109p. _c21cm(pbk) |
||
| 942 |
_2ddc _cEN _h280.34 _mMIC |
||
| 999 |
_c87715 _d87715 |
||